000 00385nam a22001217a 4500
082 _a200 THE
100 _aQurat Ul Ain
_91394
245 _aTH-SOF-1731-Code Clone Detection in C Language Programs using Supervised Learning
260 _aISLAMABAD
_bNUST COLLEGE OF EME
_c2019
650 _aMS-CSE-2017 MSTHESIS
_970363
700 _aSupervisor Dr. Wasi Haider Butt
_969491
942 _cCF
999 _c578556
_d578556